Postavenie Venezuely v súčasnej svetovej politike diplomová práca

Saved in:
Bibliographic Details
Main Author: Malatincová, Darina
Corporate Author: Fakulta medzinárodných vzťahov EU. Katedra medzinárodných politických vzťahov
Other Authors: Kucharčík, Rudolf, 1977-
Format: Book
Language:Slovak
Published: Bratislava 2018
Tags: Add Tag
No Tags, Be the first to tag this record!

MARC

LEADER 00000nbm a2200000 4500
001 0244464
005 20180807080047.8
041 0 |a slo 
044 |a SK 
245 1 0 |a Postavenie Venezuely v súčasnej svetovej politike  |b diplomová práca  |c Darina Malatincová ; školiteľ: Rudolf Kucharčík 
264 1 |a Bratislava  |c 2018 
300 |a 68 s. 
100 1 |a Malatincová, Darina 
700 1 |a Kucharčík, Rudolf, 1977- 
710 2 |a Fakulta medzinárodných vzťahov EU. Katedra medzinárodných politických vzťahov